MLB Postseason MVPs - Statistics

General Stats
  • This quiz has been taken 41 times
  • The average score is 12 of 24
Answer Stats
Year Team Player % Correct
2000 Yankees Derek Jeter
77%
2013 Red Sox David Ortiz
71%
2014 Giants Madison Bumgarner
71%
2001 D-Backs Randy Johnson
71%
2004 Red Sox Manny Ramirez
66%
2019 Nationals Stephen Strasburg
66%
2001 D-Backs Curt Schilling
63%
2017 Astros George Springer
63%
2021 Braves Jorge Soler
63%
2020 Dodgers Corey Seager
60%
2011 Cardinals David Freese
60%
2022 Astros Jeremy Pena
60%
2012 Giants Pablo Sandoval
54%
2015 Royals Salvador Perez
54%
2018 Red Sox Steve Pearce
54%
2002 Angels Troy Glaus
54%
2003 Marlins Josh Beckett
49%
2008 Phillies Cole Hamels
43%
2010 Giants Edgar Renteria
40%
2006 Cardinals David Eckstein
34%
2007 Red Sox Mike Lowell
34%
2005 White Sox Jermaine Dye
31%
2016 Cubs Ben Zonbrist
3%
2009 Yankees Hideki Matsuri
3%
No matching quizzes found
Score Distribution
Percent of People with Each Score
Percentile by Number Answered
Your Score History
You have not taken this quiz